000 01099cad a22002415a 4500
001 L151808
008 101211e20101126xxkd f s 000 0 eng d
035 _a(Sirsi) u151808
041 0 _aeng
050 0 4 _a333.33 $2 18
110 2 _aRoyal Institution of Chartered Surveyors
_bEconomics
_95033
245 0 0 _aRICS global real estate weekly
_b3 December 2010
_h[electronic resource]
260 _aLondon
_bRICS
_c2010
490 0 _aRICS Global Real Estate Weekly
_v3 December 2010
520 _aGerman economy is performing strongly which is positive for housing. Korea interest rate decision finely balanced. Canadian housing market reaches plateau. Australian mortgage approvals rise but future uncertain.
590 _aKA
650 2 4 _aRICS GLOBAL REAL ESTATE WEEKLY
651 4 _aInternational
690 _aPROPERTY-RESIDENTIAL PROPERTY-RESIDENTIAL PROPERTY MARKET
690 _aPROPERTY-COMMERCIAL PROPERTY-COMMERCIAL PROPERTY MARKET
856 4 0 _uhttps://www.rics.org/site/download_feed.aspx?fileID=8326&fileExtension=PDF
_zView the report free of charge at www.rics.org
942 _n0
999 _c111636
_d111636